Target quantity surveying and commercial management 2003 (Record no. 102624)

MARC details
000 -LEADER
fixed length control field 01216cam a2200265 4500
008 - FIXED-LENGTH DATA ELEMENTS--GENERAL INFORMATION
fixed length control field 030120n2003 000 0 eng u
020 ## - INTERNATIONAL STANDARD BOOK NUMBER
International Standard Book Number 184318075X
022 ## - INTERNATIONAL STANDARD SERIAL NUMBER
International Standard Serial Number 1464-651X
035 ## - SYSTEM CONTROL NUMBER
System control number (Sirsi) u121073
050 ## - LIBRARY OF CONGRESS CALL NUMBER
Classification number 650.14
-- 18
245 ## - TITLE STATEMENT
Title Target quantity surveying and commercial management 2003
250 ## - EDITION STATEMENT
Edition statement 15th ed.
260 ## - PUBLICATION, DISTRIBUTION, ETC.
Place of publication, distribution, etc. Wallingford : GTI Specialist Publishers, 2003
300 ## - PHYSICAL DESCRIPTION
Extent 56p. $3 0cm.
350 ## - PRICE (NR) (BK AM CF MU VM SE) [OBSOLETE]
Price 7.95
520 ## - SUMMARY, ETC.
Summary, etc. Gives careers advice to graduates seeking jobs in the construction and building services sector. Includes tables of potential employers to approach, and discusses what employers are looking for in their graduates. Provides an insight into the different sectors of the industry, offers guidance on writing applications, and looks at postgraduate options. Further information and guidance is available on the doctorjob.com website.
650 ## - SUBJECT ADDED ENTRY--TOPICAL TERM
Topical term or geographic name entry element CAREERS GUIDANCE
650 ## - SUBJECT ADDED ENTRY--TOPICAL TERM
Topical term or geographic name entry element CONSTRUCTION MANAGEMENT
9 (RLIN) 6230
650 ## - SUBJECT ADDED ENTRY--TOPICAL TERM
Topical term or geographic name entry element GRADUATES
650 ## - SUBJECT ADDED ENTRY--TOPICAL TERM
Topical term or geographic name entry element Quantity surveying
9 (RLIN) 6263
690 ## - LOCAL SUBJECT ADDED ENTRY--TOPICAL TERM (OCLC, RLIN)
Topical term or geographic name as entry element EDUCATION-CAREERS
700 ## - ADDED ENTRY--PERSONAL NAME
Personal name Nickels, Liz
International Standard Serial Number Editor
856 ## - ELECTRONIC LOCATION AND ACCESS
Uniform Resource Identifier <a href="https://www.doctorjob.com/construction">https://www.doctorjob.com/construction</a>
Public note View the doctorjob.com construction website...
942 ## - ADDED ENTRY ELEMENTS (KOHA)
Suppress in OPAC 0
Holdings
Withdrawn status Lost status Source of classification or shelving scheme Damaged status Not for loan Home library Current library Shelving location Date acquired Cost, normal purchase price Total Checkouts Full call number Barcode Date last seen Date last checked out Copy number Cost, replacement price Price effective from Koha item type
    Dewey Decimal Classification     London London Basement 30/01/2003 7.95 3 BASEMENT 30068176 06/08/2019 16/04/2004 1 7.95 06/08/2019 Book